Adaptive physical education : (Record no. 69660)

MARC details
000 -LEADER
fixed length control field 00893nam a22002297a 4500
005 - DATE AND TIME OF LATEST TRANSACTION
control field 20120903143841.0
008 - FIXED-LENGTH DATA ELEMENTS--GENERAL INFORMATION
fixed length control field 120903t xxu||||| |||| 00| 0 eng d
010 ## - LCCN (DPL NO)
LC control number ENG-105772
020 ## - INTERNATIONAL STANDARD BOOK NUMBER
International Standard Book Number 9788178797113
Terms of availability 800.00
035 ## - SYSTEM CONTROL NUMBER
System control number EN-89305
037 ## - SOURCE OF ACQUISITION
Source of stock number/acquisition DBAD/PUB
040 ## - CATALOGING SOURCE
Original cataloging agency DPL
Language of cataloging English
082 ## - DEWEY DECIMAL CLASSIFICATION NUMBER
Classification number 371.9114
245 ## - TITLE STATEMENT
Title Adaptive physical education :
Remainder of title making ability count /
Statement of responsibility, etc edited and compiled by R.W. Gopalakrishnan
260 ## - PUBLICATION, DISTRIBUTION, ETC. (IMPRINT)
Place of publication, distribution, etc New Delhi
Name of publisher, distributor, etc Sports Publication
Date of publication, distribution, etc 2012
270 ## - ADDRESS
Address 7/26, Ground Floor, Ansari Road, Darya Ganj
City New Delhi
Postal code 110002
300 ## - PHYSICAL DESCRIPTION
Extent 296p.
Dimensions 23cm(Hb)
500 ## - GENERAL NOTE
General note Includes bibliographical references
700 ## - ADDED ENTRY--PERSONAL NAME
Personal name Gopalakrishnan, R.W.
9 (RLIN) 51968
942 ## - ADDED ENTRY ELEMENTS (KOHA)
Source of classification or shelving scheme Dewey Decimal Classification
Item type English Books
Classification part 371.9114
Call number suffix ADA
Holdings
Withdrawn status Lost status Source of classification or shelving scheme Damaged status Not for loan Collection code Home library Current library Date acquired Source of acquisition Cost, normal purchase price Total Checkouts Full call number Barcode Date last seen Copy number Cost, replacement price Koha item type
    Dewey Decimal Classification   Not For Loan Non-fiction D.B.Act.Division D.B.Act.Division 03/09/2012 DBAD / PUB 800.00   371.9114 ADA EN-89305 03/09/2012 1 800.00 English Books

© Delhi Public Library
Hit Counter
free hit counter